<?xml version="1.0" encoding="UTF-8"?><?xml-stylesheet type="text/xsl" href="static/style.xsl"?><OAI-PMH xmlns="http://www.openarchives.org/OAI/2.0/" xmlns:xsi="http://www.w3.org/2001/XMLSchema-instance" xsi:schemaLocation="http://www.openarchives.org/OAI/2.0/ http://www.openarchives.org/OAI/2.0/OAI-PMH.xsd"><responseDate>2026-04-30T05:15:50Z</responseDate><request verb="GetRecord" identifier="oai:uvadoc.uva.es:10324/20082" metadataPrefix="marc">https://uvadoc.uva.es/oai/request</request><GetRecord><record><header><identifier>oai:uvadoc.uva.es:10324/20082</identifier><datestamp>2025-02-13T12:32:58Z</datestamp><setSpec>com_10324_7462</setSpec><setSpec>com_10324_5186</setSpec><setSpec>com_10324_29291</setSpec><setSpec>col_10324_7510</setSpec></header><metadata><record xmlns="http://www.loc.gov/MARC21/slim" xmlns:doc="http://www.lyncode.com/xoai" xmlns:xsi="http://www.w3.org/2001/XMLSchema-instance" xmlns:dcterms="http://purl.org/dc/terms/" xsi:schemaLocation="http://www.loc.gov/MARC21/slim http://www.loc.gov/standards/marcxml/schema/MARC21slim.xsd">
<leader>00925njm 22002777a 4500</leader>
<datafield tag="042" ind1=" " ind2=" ">
<subfield code="a">dc</subfield>
</datafield>
<datafield tag="720" ind1=" " ind2=" ">
<subfield code="a">Serrano García, Rafael</subfield>
<subfield code="e">author</subfield>
</datafield>
<datafield tag="260" ind1=" " ind2=" ">
<subfield code="c">1992</subfield>
</datafield>
<datafield tag="520" ind1=" " ind2=" ">
<subfield code="a">La Revolución española de septiembre de 1868 es conocida sobre todo en sus dimensiones políticas, que tuvieron como principal escenario los ambientes urbanos. Su efecto estimulante sobre los medios rurales se encuentra menos estudiado. Este artículo, centrado en la región de Castilla y León intenta rastrear algunos de los comportamientos campesinos aflorados en el efímero clima de libertad de octubre de 1868: la resurrección de litigios seculares en tomo a determinadas prestaciones feudales, las roturaciones arbitrarias, la presión sobre los patrimonios comunales y, en relación con esto último, la agudización del proceso deforestador durante estos años.</subfield>
</datafield>
<datafield tag="520" ind1=" " ind2=" ">
<subfield code="a">The Spanish Revolution of September 1868 is well-known because of its political dimensions in the urban areas. The stimulating effect of this Revolution over the rural areas is less studied. This work, which is about the Castile-Leon region, tries to analyse some conducts of the countrymen that appeared in the ephemeral climate of liberty in October 1868: resurrection of ancient disputes about certain feudal services, arbitrary ploughings, pressure on communal heritages, and related to that, the intensification of the disforestation process in these years.</subfield>
</datafield>
<datafield tag="024" ind2=" " ind1="8">
<subfield code="a">Investigaciones históricas: Época moderna y contemporánea, 1992, N.12, pags.177-192</subfield>
</datafield>
<datafield tag="024" ind2=" " ind1="8">
<subfield code="a">0210-9425</subfield>
</datafield>
<datafield tag="024" ind2=" " ind1="8">
<subfield code="a">http://uvadoc.uva.es/handle/10324/20082</subfield>
</datafield>
<datafield tag="024" ind2=" " ind1="8">
<subfield code="a">177</subfield>
</datafield>
<datafield tag="024" ind2=" " ind1="8">
<subfield code="a">12</subfield>
</datafield>
<datafield tag="024" ind2=" " ind1="8">
<subfield code="a">192</subfield>
</datafield>
<datafield ind1=" " ind2=" " tag="653">
<subfield code="a">Historia moderna y contemporánea</subfield>
</datafield>
<datafield tag="245" ind1="0" ind2="0">
<subfield code="a">Repercusiones de la Gloriosa en el campo castellano-leonés (1868-1869)</subfield>
</datafield>
</record></metadata></record></GetRecord></OAI-PMH>